Taller d’educació ambiental per a secundària sobre els incendis forestals
Descripción Física:
[2] p. : il. col. 15 x 21 cm
Materias:
Incendis forestals -- Catalunya
MARC
| LEADER | 00000nam a2200000Ia 4500 | ||
|---|---|---|---|
| 001 | 23760 | ||
| 008 | 160829s2007 xx 000 0 cat d | ||
| 080 | |a FU-62-42 | ||
| 245 | |a Taller d’educació ambiental per a secundària sobre els incendis forestals | ||
| 260 | |a Barcelona : |b Diputació de Barcelona, |c 2007 | ||
| 300 | |a [2] p. : |b il. col. 15 x 21 cm | ||
| 650 | 0 | |a Incendis forestals |x Catalunya |9 30778 | |
| 710 | 1 | |a Barcelona (Catalunya : Província). |b Diputació |9 52408 | |
| 901 | |a Arxiu | ||
| 942 | |n 1 | ||
| 952 | |0 0 |1 0 |4 0 |6 FU6242 |7 1 |9 56033 |a Arxiu |b Arxiu |d 2016-12-01 |l 0 |o FU-62-42 |p 23760 |r 2016-12-01 00:00:00 |w 2016-12-01 |y ARXIU | ||
| 999 | |c 59907 |d 59907 | ||